000 00731nam a22002537a 4500
003 CHAP
005 20220329135549.0
008 971013s r 00010 d
010 _a38589
011 _a39561
035 _a43682
040 _cCHAP
090 _aR-35
100 0 0 _aMitis, Heinz Von.
_976244
245 _a"Zur biologie der Corixiden. Stridulation"
500 _aSobretiro de : Z.F. Morph. u Okol. de. Tiere. Bd. 30:479-495, 1935
590 _aBATCH-UPD
_b10
_c20130109
_lUCH01
_h2313
590 _aBATCH-UPD
_b10
_c20130110
_lUCH01
_h2305
590 _aCONVERSION
_b10
_c20130109
_lUCH01
_h1321
650 1 4 _aCorixidos.
_928004
901 _aBK
942 _cREIMP
949 _aR-35
_bBC
_cR
_d-99950
_eTS1
_i43682
_si
999 _c38589
_d38589